[Event "EYCC 2024 - O10"]
[Site "?"]
[Date "2024.08.24"]
[Round "3.9"]
[White "Llari, Marc"]
[Black "Rosca, Dragos-Ioan"]
[Result "1-0"]
[BlackElo "1660"]
[WhiteElo "2224"]
[LiveChessVersion "1.4.8"]

1. e4 {[%clk 1:30:58]} c6 {[%clk 1:30:57]} 2. d4 {[%clk 1:31:25]} d5
{[%clk 1:31:22]} 3. Nc3 {[%clk 1:31:51]} dxe4 {[%clk 1:31:43]} 4. Nxe4
{[%clk 1:32:16]} Bf5 {[%clk 1:32:04]} 5. Ng3 {[%clk 1:32:40]} Bg6
{[%clk 1:32:28]} 6. Nh3 {[%clk 1:33:04]} Nd7 {[%clk 1:31:46]} 7. Nf4
{[%clk 1:28:55]} Ngf6 {[%clk 1:32:01]} 8. c3 {[%clk 1:28:34]} e6 {[%clk 1:31:29]}
9. h4 {[%clk 1:28:23]} c5 {[%clk 0:55:37]} 10. h5 {[%clk 1:24:07]} Be4 11. Nxe4
{[%clk 1:24:27]} Nxe4 {[%clk 0:56:24]} 12. Bd3 {[%clk 1:22:52]} Nef6
{[%clk 0:56:28]} 13. Qf3 {[%clk 1:18:49]} Qb6 14. O-O {[%clk 1:15:40]} Be7
{[%clk 0:39:03]} 15. dxc5 {[%clk 1:13:23]} Bxc5 {[%clk 0:38:25]} 16. b4
{[%clk 1:07:15]} Be7 {[%clk 0:38:36]} 17. Re1 {[%clk 1:06:50]} O-O
{[%clk 0:37:36]} 18. h6 {[%clk 1:01:21]} g6 {[%clk 0:37:08]} 19. Bb2
{[%clk 0:59:25]} Rfd8 {[%clk 0:29:33]} 20. Rad1 {[%clk 0:57:54]} Bf8
{[%clk 0:28:15]} 21. Qh3 {[%clk 0:57:57]} e5 {[%clk 0:27:32]} 22. Ne2
{[%clk 0:57:05]} Rac8 {[%clk 0:22:00]} 23. Ng3 {[%clk 0:53:53]} Nc5
{[%clk 0:16:47]} 24. Bc2 {[%clk 0:52:18]} Ne6 {[%clk 0:16:43]} 25. Qh4
{[%clk 0:45:17]} Be7 {[%clk 0:15:12]} 26. Ne4 {[%clk 0:42:49]} Nd5
{[%clk 0:11:47]} 27. Qg3 {[%clk 0:41:49]} Ndf4 {[%clk 0:11:04]} 28. Rxd8+
{[%clk 0:39:15]} Rxd8 {[%clk 0:11:03]} 29. Bc1 {[%clk 0:38:09]} Qb5
{[%clk 0:09:30]} 30. Bxf4 {[%clk 0:37:59]} Nxf4 {[%clk 0:09:49]} 31. Qf3
{[%clk 0:35:11]} Qc6 {[%clk 0:09:00]} 32. b5 {[%clk 0:33:41]} Qxb5
{[%clk 0:08:31]} 33. Rb1 {[%clk 0:33:15]} Qc6 {[%clk 0:08:30]} 34. Rxb7
{[%clk 0:33:20]} Bc5 {[%clk 0:04:47]} 35. Rxf7 {[%clk 0:32:56]} Qb6
{[%clk 0:01:16]} 36. Bb3 {[%clk 0:32:30]} 1-0

[Event "EYCC 2024 - O10"]
[Site "?"]
[Date "2024.08.24"]
[Round "3.10"]
[White "Koyunoglu, Omer Alp"]
[Black "Orman, Attila"]
[Result "0-1"]
[BlackElo "2090"]
[WhiteElo "1767"]
[LiveChessVersion "1.4.8"]

1. e4 {[%clk 1:30:10]} c5 {[%clk 1:30:58]} 2. Nf3 {[%clk 1:30:15]} d6
{[%clk 1:31:20]} 3. d4 {[%clk 1:30:30]} cxd4 {[%clk 1:31:47]} 4. Nxd4
{[%clk 1:30:45]} Nf6 {[%clk 1:32:08]} 5. Nc3 {[%clk 1:29:40]} a6 {[%clk 1:32:11]}
6. Bg5 {[%clk 1:28:50]} e6 {[%clk 1:32:00]} 7. f4 {[%clk 1:27:06]} Qb6
{[%clk 1:29:20]} 8. Qd2 {[%clk 1:09:27]} Qxb2 {[%clk 1:27:00]} 9. Rb1
{[%clk 1:07:24]} Qa3 {[%clk 1:27:08]} 10. Bxf6 {[%clk 1:00:34]} gxf6
{[%clk 1:27:17]} 11. f5 {[%clk 0:56:28]} Bh6 {[%clk 1:14:38]} 12. Qd3
{[%clk 0:48:23]} Nc6 {[%clk 1:11:24]} 13. Nxc6 {[%clk 0:30:58]} bxc6
{[%clk 1:11:48]} 14. Qd4 {[%clk 0:25:56]} Bf4 {[%clk 1:10:19]} 15. Qc4
{[%clk 0:21:36]} Bd7 {[%clk 1:10:08]} 16. Be2 {[%clk 0:19:37]} Be5
{[%clk 1:09:37]} 17. Rb3 {[%clk 0:13:06]} Qc1+ {[%clk 1:08:39]} 18. Nd1
{[%clk 0:12:36]} d5 {[%clk 1:08:59]} 19. Qc5 {[%clk 0:12:07]} Qg5
{[%clk 1:01:21]} 20. O-O {[%clk 0:07:53]} Qh4 {[%clk 1:01:39]} 21. h3
{[%clk 0:02:01]} Qxe4 {[%clk 1:02:05]} 22. Ne3 {[%clk 0:01:22]} Bd4
{[%clk 1:02:11]} 23. Qa3 {[%clk 0:01:18]} Rg8 {[%clk 1:02:00]} 24. Rf3
{[%clk 0:00:48]} Qxc2 {[%clk 1:01:33]} 25. Bf1 {[%clk 0:01:05]} e5
{[%clk 0:53:11]} 26. Kh1 {[%clk 0:00:39]} Bxe3 {[%clk 0:53:36]} 27. Rbxe3
{[%clk 0:00:49]} d4 {[%clk 0:34:45]} 28. Re1 {[%clk 0:00:40]} Qd2
{[%clk 0:31:32]} 29. Rb1 {[%clk 0:00:38]} Rd8 {[%clk 0:29:08]} 30. Qxa6
{[%clk 0:00:32]} e4 {[%clk 0:28:07]} 31. Rfb3 {[%clk 0:00:46]} Qf4
{[%clk 0:28:36]} 32. Qc4 {[%clk 0:00:41]} Qd6 {[%clk 0:26:29]} 33. Rb7
{[%clk 0:00:43]} Qd5 {[%clk 0:26:53]} 34. Qb4 {[%clk 0:00:41]} e3
{[%clk 0:23:32]} 35. Re1 {[%clk 0:00:37]} Qe5 {[%clk 0:18:13]} 36. Qb3
{[%clk 0:00:39]} Qe4 {[%clk 0:17:47]} 37. Qc4 {[%clk 0:00:45]} Rg5
{[%clk 0:17:36]} 38. a4 {[%clk 0:00:38]} Rxf5 {[%clk 0:16:30]} 39. Ra7
{[%clk 0:00:35]} Be6 {[%clk 0:16:45]} 40. Qb4 {[%clk 0:00:44]} Bd5
{[%clk 0:17:09]} 41. Rc7 {[%clk 0:00:32]} Rxf1+ {[%clk 0:17:34]} 0-1

[Event "EYCC 2024 - O10"]
[Site "?"]
[Date "2024.08.24"]
[Round "3.11"]
[White "Andre, Tomas"]
[Black "Blekh, Erik"]
[Result "1/2-1/2"]
[BlackElo "1755"]
[WhiteElo "2051"]
[LiveChessVersion "1.4.8"]

1. e4 {[%clk 1:30:40]} c5 {[%clk 1:30:43]} 2. Nc3 {[%clk 1:30:33]} d6
{[%clk 1:30:53]} 3. f4 {[%clk 1:29:41]} g6 {[%clk 1:30:37]} 4. Bb5+
{[%clk 1:29:40]} Bd7 {[%clk 1:30:22]} 5. Bc4 {[%clk 1:29:30]} Bg7
{[%clk 1:30:12]} 6. Nf3 {[%clk 1:29:31]} Nc6 {[%clk 1:29:40]} 7. O-O
{[%clk 1:29:21]} e6 {[%clk 1:26:37]} 8. Kh1 {[%clk 1:27:01]} Nge7
{[%clk 1:24:54]} 9. a4 {[%clk 1:24:19]} O-O {[%clk 1:22:21]} 10. d3
{[%clk 1:24:08]} Na5 {[%clk 1:18:02]} 11. Ba2 {[%clk 1:23:18]} a6
{[%clk 1:16:47]} 12. Qe1 {[%clk 1:21:10]} b5 {[%clk 1:14:51]} 13. g4
{[%clk 1:20:52]} b4 {[%clk 1:06:54]} 14. Nd1 {[%clk 1:20:02]} b3 {[%clk 1:03:08]}
15. cxb3 {[%clk 1:19:30]} Nec6 {[%clk 1:01:24]} 16. Qg3 {[%clk 1:18:07]} Nb4
{[%clk 0:48:49]} 17. Ne1 {[%clk 1:18:01]} f5 {[%clk 0:40:08]} 18. gxf5
{[%clk 1:16:22]} exf5 {[%clk 0:40:11]} 19. Nf2 {[%clk 1:13:53]} Qe7
{[%clk 0:36:17]} 20. Nf3 {[%clk 1:09:02]} Bc6 {[%clk 0:35:00]} 21. Re1
{[%clk 1:04:55]} Nc2 {[%clk 0:34:36]} 22. b4+ {[%clk 1:05:16]} Kh8
{[%clk 0:34:41]} 23. bxa5 {[%clk 1:05:27]} Nxe1 {[%clk 0:34:23]} 24. Nxe1
{[%clk 1:04:00]} fxe4 {[%clk 0:30:58]} 25. dxe4 {[%clk 1:03:40]} Bxe4+
{[%clk 0:30:17]} 26. Nxe4 {[%clk 1:03:57]} Qxe4+ {[%clk 0:30:39]} 27. Ng2
{[%clk 1:04:22]} Qxa4 {[%clk 0:28:55]} 28. Qd3 {[%clk 1:02:08]} Qxa5
{[%clk 0:24:29]} 29. Qg3 {[%clk 0:56:53]} Qb5 {[%clk 0:22:31]} 30. h3
{[%clk 0:55:40]} Qc6 {[%clk 0:19:43]} 31. Bd2 {[%clk 0:55:02]} d5
{[%clk 0:17:47]} 32. Nh4 {[%clk 0:53:30]} Bxb2 {[%clk 0:14:04]} 33. Rd1
{[%clk 0:53:04]} Rad8 {[%clk 0:10:43]} 34. Qf3 {[%clk 0:52:54]} Bf6
{[%clk 0:09:41]} 35. Bc3 {[%clk 0:52:17]} Bxc3 {[%clk 0:09:18]} 36. Qxc3+
{[%clk 0:52:18]} d4+ {[%clk 0:09:29]} 37. Qf3 {[%clk 0:52:46]} Qxf3+
{[%clk 0:09:44]} 38. Nxf3 {[%clk 0:53:42]} h6 {[%clk 0:09:01]} 39. Ne5
{[%clk 0:53:52]} Kg7 {[%clk 0:08:13]} 40. Rg1 {[%clk 0:53:38]} Rf6
{[%clk 0:08:01]} 41. Bb1 {[%clk 0:53:14]} Rdd6 {[%clk 0:07:47]} 42. f5
{[%clk 0:53:35]} g5 {[%clk 0:07:05]} 43. h4 {[%clk 0:53:38]} Kf8 {[%clk 0:04:43]}
44. hxg5 {[%clk 0:53:41]} hxg5 {[%clk 0:05:07]} 45. Rxg5 {[%clk 0:54:04]} Rd5
{[%clk 0:04:09]} 46. Ng4 {[%clk 0:52:04]} Rb6 {[%clk 0:03:17]} 47. Ba2
{[%clk 0:52:14]} Rdd6 {[%clk 0:02:33]} 48. f6 {[%clk 0:50:58]} Rxf6
{[%clk 0:02:25]} 49. Nxf6 {[%clk 0:51:13]} Rxf6 {[%clk 0:02:49]} 50. Rxc5
{[%clk 0:51:34]} Rd6 {[%clk 0:02:39]} 51. Rc2 {[%clk 0:50:51]} d3
{[%clk 0:02:00]} 52. Rd2 {[%clk 0:50:31]} Rc6 {[%clk 0:02:08]} 53. Bb3
{[%clk 0:49:30]} Rc3 {[%clk 0:02:13]} 1/2-1/2

[Event "EYCC 2024 - O10"]
[Site "?"]
[Date "2024.08.24"]
[Round "3.12"]
[White "Wu, Chenshan"]
[Black "Aghajanov, Eldar"]
[Result "1/2-1/2"]
[BlackElo "1667"]
[WhiteElo "1976"]
[LiveChessVersion "1.4.8"]

1. d4 {[%clk 1:30:58]} d5 {[%clk 1:30:58]} 2. c4 {[%clk 1:31:22]} e6
{[%clk 1:31:18]} 3. Nc3 {[%clk 1:31:47]} Nf6 {[%clk 1:31:45]} 4. cxd5
{[%clk 1:32:02]} exd5 {[%clk 1:31:30]} 5. Bg5 {[%clk 1:32:27]} Be7
{[%clk 1:30:23]} 6. e3 {[%clk 1:32:02]} c6 {[%clk 1:29:19]} 7. Bd3
{[%clk 1:32:18]} Be6 {[%clk 1:29:03]} 8. Nge2 {[%clk 1:32:36]} Nbd7
{[%clk 1:28:42]} 9. O-O {[%clk 1:32:43]} h6 {[%clk 1:28:07]} 10. Bh4
{[%clk 1:32:55]} O-O {[%clk 1:27:37]} 11. Rb1 {[%clk 1:32:49]} Qc7
{[%clk 1:21:32]} 12. b4 {[%clk 1:28:59]} Ng4 {[%clk 1:07:44]} 13. Bg3
{[%clk 1:28:50]} Bd6 {[%clk 1:06:20]} 14. h3 {[%clk 1:27:08]} Bxg3
{[%clk 1:01:44]} 15. hxg4 {[%clk 1:21:17]} Bh2+ {[%clk 0:58:09]} 16. Kh1
{[%clk 1:21:40]} Bd6 {[%clk 0:58:26]} 17. f3 {[%clk 1:20:20]} Rfe8
{[%clk 0:54:32]} 18. Qd2 {[%clk 1:11:38]} Nf6 {[%clk 0:50:01]} 19. Na4
{[%clk 1:02:48]} Qe7 20. Kg1 {[%clk 0:53:42]} b5 {[%clk 0:34:19]} 21. Nc5
{[%clk 0:51:34]} Nd7 {[%clk 0:28:56]} 22. g3 {[%clk 0:44:17]} a5 {[%clk 0:23:38]}
23. a3 {[%clk 0:37:48]} axb4 {[%clk 0:21:08]} 24. axb4 {[%clk 0:36:37]} Nxc5
{[%clk 0:20:08]} 25. bxc5 {[%clk 0:29:27]} Bc7 {[%clk 0:20:28]} 26. Ra1
{[%clk 0:29:25]} Bd7 {[%clk 0:18:50]} 27. Kf2 {[%clk 0:26:38]} Reb8
{[%clk 0:17:55]} 28. Qc3 {[%clk 0:20:43]} Qd8 {[%clk 0:16:30]} 29. Rxa8
{[%clk 0:19:54]} Rxa8 {[%clk 0:16:58]} 30. Ra1 {[%clk 0:19:54]} Qb8
{[%clk 0:14:07]} 31. Ra3 {[%clk 0:17:21]} Bc8 {[%clk 0:11:59]} 32. Qa1
{[%clk 0:16:22]} Rxa3 {[%clk 0:12:25]} 33. Qxa3 {[%clk 0:16:45]} Qb7
{[%clk 0:11:57]} 34. Nc1 {[%clk 0:13:02]} Qa6 {[%clk 0:10:19]} 35. Qxa6
{[%clk 0:11:50]} Bxa6 {[%clk 0:10:45]} 36. Nb3 {[%clk 0:11:55]} g6
{[%clk 0:10:16]} 37. Ke2 {[%clk 0:09:28]} Bc8 {[%clk 0:10:12]} 38. Kf2
{[%clk 0:09:39]} f5 {[%clk 0:09:31]} 39. gxf5 {[%clk 0:09:19]} gxf5
{[%clk 0:09:57]} 40. f4 {[%clk 0:06:24]} Kg7 {[%clk 0:09:17]} 41. Kg2
{[%clk 0:06:11]} h5 {[%clk 0:09:26]} 42. Kh3 {[%clk 0:05:59]} Kg6
{[%clk 0:09:44]} 43. Kh4 {[%clk 0:06:09]} Bd8+ {[%clk 0:10:05]} 44. Kh3
{[%clk 0:06:27]} Bd7 {[%clk 0:10:07]} 45. Be2 {[%clk 0:06:33]} Be8
{[%clk 0:10:26]} 46. Bd3 {[%clk 0:06:35]} Kf6 {[%clk 0:10:10]} 47. Be2
{[%clk 0:05:04]} 1/2-1/2

[Event "EYCC 2024 - O10"]
[Site "?"]
[Date "2024.08.24"]
[Round "3.13"]
[White "Lutskiy, Mikhail"]
[Black "Steinbrenner, Peter"]
[Result "1/2-1/2"]
[BlackElo "1951"]
[WhiteElo "1735"]
[LiveChessVersion "1.4.8"]

1. e4 {[%clk 1:30:57]} c5 {[%clk 1:30:21]} 2. Nf3 {[%clk 1:31:21]} d6
{[%clk 1:30:41]} 3. Bb5+ {[%clk 1:31:44]} Bd7 {[%clk 1:30:31]} 4. a4
{[%clk 1:31:51]} a6 {[%clk 1:30:10]} 5. Bxd7+ {[%clk 1:31:55]} Qxd7
{[%clk 1:29:43]} 6. a5 {[%clk 1:32:11]} Nc6 {[%clk 1:27:24]} 7. d3
{[%clk 1:31:49]} g6 {[%clk 1:25:01]} 8. Nbd2 {[%clk 1:31:13]} Bg7
{[%clk 1:20:02]} 9. Nc4 {[%clk 1:31:15]} Qc7 {[%clk 1:14:53]} 10. O-O
{[%clk 1:30:14]} Nf6 {[%clk 1:12:39]} 11. Bf4 {[%clk 1:28:46]} Nh5
{[%clk 1:07:42]} 12. Bg3 {[%clk 1:25:27]} O-O {[%clk 1:00:22]} 13. Re1
{[%clk 1:24:12]} Rad8 {[%clk 0:56:07]} 14. Qc1 {[%clk 1:14:28]} Nxg3
{[%clk 0:44:52]} 15. hxg3 {[%clk 1:13:25]} d5 {[%clk 0:32:29]} 16. Nb6
{[%clk 1:08:42]} e6 {[%clk 0:29:14]} 17. exd5 {[%clk 1:07:03]} exd5
{[%clk 0:29:12]} 18. c4 {[%clk 0:59:11]} dxc4 {[%clk 0:23:22]} 19. Qxc4
{[%clk 0:56:02]} Nxa5 {[%clk 0:20:24]} 20. Rxa5 {[%clk 0:55:00]} Qxb6
{[%clk 0:20:02]} 21. Rxc5 {[%clk 0:54:39]} Qxb2 {[%clk 0:17:12]} 22. Rc7
{[%clk 0:54:11]} b5 {[%clk 0:15:18]} 23. Qh4 {[%clk 0:51:09]} h6 {[%clk 0:08:50]}
24. d4 {[%clk 0:45:59]} Qb4 {[%clk 0:03:27]} 25. Ree7 {[%clk 0:44:37]} Rde8
{[%clk 0:03:01]} 26. Rxe8 {[%clk 0:43:48]} Rxe8 {[%clk 0:03:17]} 27. Qf4
{[%clk 0:43:54]} Re7 {[%clk 0:01:32]} 28. Rc8+ {[%clk 0:43:47]} Kh7
{[%clk 0:01:58]} 29. Ra8 {[%clk 0:42:12]} Qb1+ {[%clk 0:00:56]} 30. Kh2
{[%clk 0:41:33]} Rb7 {[%clk 0:00:44]} 31. Rxa6 {[%clk 0:40:13]} Qf5
{[%clk 0:01:03]} 32. Qc1 {[%clk 0:38:13]} 1/2-1/2

[Event "EYCC 2024 - O10"]
[Site "?"]
[Date "2024.08.24"]
[Round "3.14"]
[White "Dayal, Samar"]
[Black "Larion, Iustin"]
[Result "0-1"]
[BlackElo "1902"]
[WhiteElo "1721"]
[LiveChessVersion "1.4.8"]

1. e4 {[%clk 1:30:58]} c6 {[%clk 1:30:53]} 2. d4 {[%clk 1:31:27]} d5
{[%clk 1:31:16]} 3. exd5 {[%clk 1:31:54]} cxd5 {[%clk 1:31:41]} 4. c4
{[%clk 1:32:22]} e6 {[%clk 1:31:34]} 5. Nc3 {[%clk 1:32:38]} Bb4 {[%clk 1:31:53]}
6. c5 {[%clk 1:28:05]} Ne7 {[%clk 1:31:56]} 7. a3 {[%clk 1:27:10]} Bxc3+
{[%clk 1:32:08]} 8. bxc3 {[%clk 1:27:39]} b6 {[%clk 1:30:30]} 9. cxb6
{[%clk 1:22:36]} axb6 {[%clk 1:30:41]} 10. Bd3 {[%clk 1:10:34]} Ba6
{[%clk 1:30:09]} 11. Bc2 {[%clk 1:10:33]} Qc7 {[%clk 1:26:02]} 12. Qf3
{[%clk 1:04:42]} Nbc6 {[%clk 1:13:09]} 13. Bf4 {[%clk 1:03:16]} Qc8
{[%clk 1:11:37]} 14. Ne2 {[%clk 1:01:14]} Bxe2 15. Qxe2 {[%clk 1:00:56]} Nxd4
{[%clk 1:11:37]} 16. Qd2 {[%clk 0:55:41]} Nxc2+ {[%clk 1:10:22]} 17. Qxc2 Qc4
{[%clk 1:06:00]} 18. Bd6 {[%clk 0:55:10]} Nf5 {[%clk 1:04:49]} 19. Bb4
{[%clk 0:54:46]} Nd4 {[%clk 1:02:28]} 20. Qb2 {[%clk 0:54:07]} Nb3
{[%clk 1:01:33]} 21. Rb1 {[%clk 0:54:34]} Qe4+ {[%clk 1:00:41]} 22. Kd1
{[%clk 0:54:48]} Qd3+ {[%clk 0:58:28]} 23. Ke1 {[%clk 0:55:10]} Nc5
{[%clk 0:56:50]} 24. Bxc5 {[%clk 0:54:30]} bxc5 {[%clk 0:57:14]} 25. Qb5+
{[%clk 0:54:37]} Qxb5 {[%clk 0:57:35]} 26. Rxb5 {[%clk 0:55:03]} c4
{[%clk 0:57:17]} 27. Kd2 {[%clk 0:54:48]} O-O {[%clk 0:54:27]} 28. Ra1
{[%clk 0:54:20]} Ra4 {[%clk 0:54:29]} 29. Rb4 {[%clk 0:50:22]} Rfa8
{[%clk 0:53:29]} 30. Kc2 {[%clk 0:48:57]} g5 {[%clk 0:46:28]} 31. Kb2
{[%clk 0:38:32]} R8a5 {[%clk 0:43:06]} 32. Rxa4 {[%clk 0:37:08]} Rxa4
{[%clk 0:43:23]} 33. Ka2 {[%clk 0:37:34]} Kf8 {[%clk 0:36:37]} 34. Rb1
{[%clk 0:37:49]} Ra7 {[%clk 0:34:44]} 35. Rb4 {[%clk 0:37:23]} Ke7
{[%clk 0:34:27]} 36. a4 {[%clk 0:37:28]} Kd6 {[%clk 0:32:28]} 37. Ka3
{[%clk 0:36:43]} Kc6 {[%clk 0:25:12]} 38. Kb2 {[%clk 0:17:50]} Rb7
{[%clk 0:23:40]} 39. Kc2 {[%clk 0:18:19]} f5 {[%clk 0:20:56]} 40. g3
{[%clk 0:12:38]} e5 {[%clk 0:19:41]} 41. f3 {[%clk 0:10:35]} g4 {[%clk 0:16:32]}
42. fxg4 {[%clk 0:10:24]} fxg4 {[%clk 0:16:55]} 43. Kd2 {[%clk 0:10:51]} Rxb4
{[%clk 0:17:07]} 44. cxb4 {[%clk 0:11:20]} d4 {[%clk 0:17:08]} 45. Kc2
{[%clk 0:11:46]} e4 {[%clk 0:17:23]} 46. Kd2 {[%clk 0:12:12]} Kb6
{[%clk 0:17:34]} 47. a5+ {[%clk 0:12:34]} Kb5 {[%clk 0:17:58]} 48. Ke2
{[%clk 0:13:02]} c3 {[%clk 0:18:20]} 0-1

[Event "EYCC 2024 - O10"]
[Site "?"]
[Date "2024.08.24"]
[Round "3.15"]
[White "Scrimieri, Gabriele"]
[Black "Torres, Lucas"]
[Result "1/2-1/2"]
[BlackElo "1861"]
[WhiteElo "1720"]
[LiveChessVersion "1.4.8"]

1. e4 {[%clk 1:30:58]} e6 {[%clk 1:30:56]} 2. d4 {[%clk 1:31:25]} d5
{[%clk 1:31:22]} 3. e5 {[%clk 1:31:52]} c5 {[%clk 1:31:51]} 4. c3
{[%clk 1:32:18]} Nc6 {[%clk 1:32:17]} 5. Nf3 {[%clk 1:32:45]} Qb6
{[%clk 1:32:40]} 6. Bd3 {[%clk 1:32:56]} cxd4 {[%clk 1:33:02]} 7. cxd4
{[%clk 1:33:24]} Bd7 {[%clk 1:33:23]} 8. Bc2 {[%clk 1:32:02]} Nb4
{[%clk 1:33:22]} 9. Ba4 {[%clk 1:29:28]} Qa6 {[%clk 1:32:25]} 10. Bc2
{[%clk 1:26:48]} Nxc2+ {[%clk 1:17:23]} 11. Qxc2 {[%clk 1:26:14]} Ne7
{[%clk 1:16:37]} 12. Nc3 {[%clk 1:26:12]} Nc6 {[%clk 1:12:48]} 13. Qe2 Qxe2+
{[%clk 1:12:01]} 14. Kxe2 {[%clk 1:21:33]} Rc8 {[%clk 1:08:04]} 15. Bd2
{[%clk 1:21:13]} Be7 {[%clk 1:04:46]} 16. Rhd1 {[%clk 1:06:56]} a6
{[%clk 1:02:10]} 17. a3 {[%clk 1:03:14]} b5 {[%clk 0:59:46]} 18. b4
{[%clk 1:03:01]} f6 {[%clk 0:58:03]} 19. Rac1 {[%clk 0:54:26]} Kf7
{[%clk 0:47:55]} 20. h4 {[%clk 0:52:59]} h5 {[%clk 0:47:31]} 21. Bf4
{[%clk 0:53:12]} a5 {[%clk 0:44:16]} 22. exf6 {[%clk 0:40:40]} gxf6
{[%clk 0:44:01]} 23. Nxb5 {[%clk 0:37:03]} axb4 {[%clk 0:35:15]} 24. Nd6+
{[%clk 0:35:12]} Bxd6 {[%clk 0:35:33]} 25. Bxd6 {[%clk 0:35:38]} bxa3
{[%clk 0:35:44]} 26. Bxa3 {[%clk 0:36:07]} Na5 {[%clk 0:33:09]} 27. Nd2
{[%clk 0:24:05]} Ba4 {[%clk 0:30:43]} 28. Re1 {[%clk 0:24:00]} Bb5+
{[%clk 0:30:56]} 29. Ke3 {[%clk 0:24:10]} Rhg8 {[%clk 0:27:30]} 30. g3
{[%clk 0:24:37]} Rge8 {[%clk 0:22:47]} 31. Rxc8 {[%clk 0:09:39]} Rxc8
{[%clk 0:23:15]} 32. Rc1 {[%clk 0:09:53]} Rxc1 {[%clk 0:23:05]} 33. Bxc1
{[%clk 0:09:35]} e5 {[%clk 0:23:06]} 34. Bb2 {[%clk 0:09:53]} Ke6
{[%clk 0:23:12]} 35. f3 {[%clk 0:10:04]} Nc6 {[%clk 0:19:56]} 36. Nb3
{[%clk 0:06:15]} Kf5 {[%clk 0:18:44]} 37. Bc3 {[%clk 0:04:59]} Bc4
{[%clk 0:18:04]} 38. Nd2 {[%clk 0:05:05]} Ne7 {[%clk 0:14:42]} 39. Nxc4
{[%clk 0:04:05]} dxc4 {[%clk 0:14:04]} 40. dxe5 {[%clk 0:04:28]} fxe5
{[%clk 0:13:55]} 1/2-1/2

[Event "EYCC 2024 - O10"]
[Site "?"]
[Date "2024.08.24"]
[Round "3.16"]
[White "Aghoyan, Gevorg"]
[Black "Nikitakis, Michail"]
[Result "0-1"]
[BlackElo "1845"]
[WhiteElo "1701"]
[LiveChessVersion "1.4.8"]

1. e4 {[%clk 1:30:54]} e5 {[%clk 1:30:50]} 2. Nf3 {[%clk 1:31:10]} Nc6
{[%clk 1:31:08]} 3. Nc3 {[%clk 1:31:27]} Nf6 {[%clk 1:31:28]} 4. d4
{[%clk 1:31:40]} exd4 {[%clk 1:31:55]} 5. Nxd4 {[%clk 1:32:04]} Bb4
{[%clk 1:32:09]} 6. Nxc6 {[%clk 1:32:18]} bxc6 {[%clk 1:32:34]} 7. Bd3
{[%clk 1:32:35]} d5 {[%clk 1:32:58]} 8. exd5 {[%clk 1:32:27]} O-O
{[%clk 1:33:10]} 9. O-O {[%clk 1:32:31]} Bg4 {[%clk 1:33:39]} 10. Be2
{[%clk 1:32:39]} Bxe2 {[%clk 1:33:17]} 11. Nxe2 {[%clk 1:32:52]} cxd5
{[%clk 1:33:02]} 12. Bg5 {[%clk 1:32:50]} c6 {[%clk 1:30:22]} 13. Nd4
{[%clk 1:30:19]} Qd6 {[%clk 1:25:40]} 14. Qf3 {[%clk 1:19:35]} Ne4
{[%clk 1:24:17]} 15. Bf4 {[%clk 1:18:03]} Qg6 {[%clk 1:22:13]} 16. c3
{[%clk 1:11:47]} Bc5 {[%clk 1:19:22]} 17. Ne2 {[%clk 1:05:56]} f5
{[%clk 1:13:05]} 18. h3 {[%clk 0:59:14]} Qe6 {[%clk 1:12:15]} 19. Ng3
{[%clk 0:53:25]} g5 {[%clk 1:06:00]} 20. Bc1 {[%clk 0:46:35]} g4 {[%clk 1:01:54]}
21. Qd3 {[%clk 0:44:15]} Nxf2 0-1